| 000 | 00996nam a2200253Ia 4500 | ||
|---|---|---|---|
| 003 | GCL | ||
| 005 | 20240530110248.0 | ||
| 008 | 140319s9999 xx 000 0 ara d | ||
| 040 |
_aGCL / _cGCL |
||
| 082 | 0 | 4 |
_aم _b411.5 _bم م |
| 100 | 1 | _aمحمود اسماعيل صينى | |
| 245 | 1 | 0 |
_aمعجم تكنولوجيا الوسائل السمعية والبصرية انجليزى - عربى - مع مسرد عربى - انجليزى / _c تاليف محمود اسماعيل صينى ، عمر الصديق عبدالله |
| 260 |
_a[ بيروت] : _bمكتبة لبنان ، _c1987 |
||
| 300 |
_a76ص ؛ _c24 سم |
||
| 490 |
_aالاعمال الروائية _v0 |
||
| 650 | 0 | 4 | _aالاصوات اللغوية |
| 650 | 0 | 4 | _aاللغة العربية |
| 650 | 0 | 4 | _aالتكنولوجيا |
| 650 | 0 | 4 | _aالمعاجم |
| 650 | 0 | 4 | _aالوسائل السمعية والبصرية |
| 650 | 0 | 4 | _aالمصطلحات |
| 700 | 1 | _aعمر الصديق عبدالله | |
| 942 |
_2ddc _cREF |
||
| 999 |
_c59540 _d59540 |
||